| 000 | 00464nam a22001697a 4500 | ||
|---|---|---|---|
| 005 | 20250826144841.0 | ||
| 100 | _aSaha, T. | ||
| 245 | _aAuthentication And Differentiation Of Hevea Brasiliensis Clones Using Microsatellite Markers | ||
| 260 |
_bRubber Science, 38(1): 1-9. _c2025 |
||
| 650 | _aClone Identity | ||
| 650 | _aMicrosatellites | ||
| 650 | _aMolecular markers | ||
| 700 | _aRoy, C B | ||
| 700 | _aRavindran, M. | ||
| 700 | _aBini, K. | ||
| 942 | _cJS | ||
| 999 |
_c75559 _d75559 |
||